000 00538nam a2200217Ia 4500
003 OSt
005 20221005115153.0
006 a|||||r|||| 00| 0
007 ta
008 221004b |||||||| |||| 00| 0 kan d
024 _a61506
037 _cTextual
040 _aCRL
_cCRL
_bkan
041 _2kan
_akan
082 _aQ41:22515, 33H9
100 _aRajaratnam
_9224816
245 0 _aBuddhan varnavada
650 _aRELIGION
942 _hQ41:22515, 33H9
_cTEXL
_2cc
999 _c1033638
_d1033638